Real Madrid - Statistiques

Statistiques générales
  • Ce quiz a été pris 115 fois
  • Le résultat moyen est 7 sur 10
Statistiques - réponses
Question Réponse % Correct
Qui est le président Madrid ? Florentino Pérèz
100%
Qui est le meilleur joueur du Real de tout les temps ? Ronaldo
100%
Combien le Real Madrid a t'il de ligue des Champions en 2025 ? 15
96%
Quel joueur du Real s'est fait voler le ballon d'or par Rodri ? Vinicius Jr
96%
Quelle est l'équipe qui est toujours raciste envers Vinicius Jr ? Valence
81%
3 x 5 = ??? Le nombre de Ligue des Champions du Real
77%
En quelle année a été crée le club ? 1902
69%
En quelle année le Real Madrid a t'il remporté sa première Ligue des Champions ? 1956
58%
Quel est le joueur le plus décisif en 2024-2025 ? Vinicius Jr
27%
Quels sont les 2 joueurs les plus chers de l'histoire du Real Madrid ? Bellingham et Vinicius
19%
Aucun quiz correspondant
Distribution des résultats
% des personnes avec chaque résultat
Percentile par nombre de réponses
Votre historique - résultats
Vous n’avez pas pris ce quiz